=LDR 00000nam 2200000 4500 =001 INLIS000000000018786 =005 20200803075142 =035 ##$$a 0010-061300000018786 =008 200803################g##########0#ind## =041 ##$$a Ind =082 ##$$a 2x8.2 =090 ##$$a 2x8.2, Nim s =100 1#$$a Nimr, Abdul Mun'im =245 1#$$a Syiah, Imam Mahdi dan dunia sejarah dan fakta, /$c Abdul Mun'im Al-Nimr; Penerjemah, Ali Mustafa Ya'qub =260 ##$$a Jakarta :$b Qisthi press,$c 2003 =300 ##$$a 373 hlm., ; $c 14x24 cm =650 #4$$a SYI'AH =850 ##$$a NBPNMAT =084 ##$$a 2x8.2 NIM s =250 ##$$a cet.1 =990 ##$$a 0001/BPAP-NTB/2016 =990 ##$$a 10311876